000 00705nam a22002177a 4500
999 _c13127
_d13127
003 AR-CdUCM
008 190411b ||||| |||| 00| 0 spa d
040 _aMUNICIPALIDAD PROVINCIAL DEL CUSCO
_cBIBLIOTECA MUNICIPAL DEL CUSCO
082 _a858.97 /
_bP17
100 _aPapini, Giovanni
_917817
245 _aEl crepúsculo de los filósofos /
260 _aBuenos Aires :
_bTor,
_c1936.
300 _a204 páginas ;
_c19 cm.
505 _aContenido : Manuel Kant -- Hegel -- Schopenhauer -- Comte -- Herbert Spencer ...
650 _aPensadores
_92285
650 _aFilósofos
_9827
650 _aSiglo XX
_98
700 _aMiri, Hector F.
_931340
942 _2ddc
_cLIBROS
945 _arah
_d11/04/2019